书目信息 |
| 题名: |
山洪灾害的群测群防
|
|
| 作者: | 何秉顺 , 郭良 , 常清睿 著 | |
| 分册: | ||
| 出版信息: | 北京 中国水利水电出版社 2019重印 |
|
| 页数: | 193页 | |
| 开本: | 24cm | |
| 丛书名: | ||
| 单 册: | ||
| 中图分类: | P426.616 | |
| 科图分类: | ||
| 主题词: | 山洪--shan hong--灾害防治 | |
| 电子资源: | ||
| ISBN: | 978-7-5170-6231-8 | |
| 000 | 01177nam 2200289 45 | |
| 001 | 012001001219 | |
| 005 | 20140107162354.0 | |
| 010 | @a978-7-5170-6231-8@dCNY80.00 | |
| 099 | @aCAL 012018085055 | |
| 100 | @a20180502d2017 em y0chiy50 ea | |
| 101 | 0 | @achi |
| 102 | @aCN@b110000 | |
| 105 | @aak a 000yy | |
| 106 | @ar | |
| 200 | 1 | @a山洪灾害的群测群防@Ashan hong zai hai de qun ce qun fang@f何秉顺 ... [等] 著 |
| 210 | @a北京@c中国水利水电出版社@d2019重印 | |
| 215 | @a193页@c彩图@d24cm | |
| 304 | @a著者还有:郭良、常清睿、梁学文 | |
| 320 | @a有书目 (第192-193页) | |
| 330 | @a本书旨在系统阐述山洪灾害群测群防体系建设理论与具体要求,总结各地山洪灾害群测群防体系建设和实际运用的成功经验,指导我国市、县防汛指挥机构的业务管理工作,为基层群测群防工作人员提供学习与参考资料。全书共分六章,主要介绍了山洪及山洪灾害防治的基本概念、山洪灾害群测群防体系、责任制体系、防御预案、监测预警、宣传培训及演练等。 | |
| 606 | 0 | @a山洪@Ashan hong@x灾害防治 |
| 690 | @aP426.616@v5 | |
| 701 | 0 | @a何秉顺@Ahe bing shun@4著 |
| 701 | 0 | @a郭良@Aguo liang@4著 |
| 701 | 0 | @a常清睿@Achang qing rui@4著 |
| 801 | 0 | @aCN@b北京卓展@c20191020 |
| 905 | @b1201626-9@dP426.616@e150@f4 | |
| 山洪灾害的群测群防/何秉顺 ... [等] 著.-北京:中国水利水电出版社,2019重印 |
| 193页:彩图;24cm |
| ISBN 978-7-5170-6231-8:CNY80.00 |
| 本书旨在系统阐述山洪灾害群测群防体系建设理论与具体要求,总结各地山洪灾害群测群防体系建设和实际运用的成功经验,指导我国市、县防汛指挥机构的业务管理工作,为基层群测群防工作人员提供学习与参考资料。全书共分六章,主要介绍了山洪及山洪灾害防治的基本概念、山洪灾害群测群防体系、责任制体系、防御预案、监测预警、宣传培训及演练等。 |
| ● |
| 相关链接 |
|
|
|
|
正题名:山洪灾害的群测群防
索取号:P426.616/150
 
预约/预借
| 序号 | 登录号 | 条形码 | 馆藏地/架位号 | 状态 | 备注 |
| 1 | 1201626 | 212016263 | 第二样本阅览室/ [索取号:P426.616/150] | 在馆 | |
| 2 | 1201627 | 212016272 | 第三借阅区/ [索取号:P426.616/150] | 在馆 | |
| 3 | 1201628 | 212016281 | 第三借阅区/ [索取号:P426.616/150] | 在馆 | |
| 4 | 1201629 | 212016290 | 第三借阅区/ [索取号:P426.616/150] | 在馆 |